| 000 | 00450nam a2200181Ia 4500 | ||
|---|---|---|---|
| 003 | GCL | ||
| 008 | 140319s9999 xx 000 0 eng d | ||
| 040 |
_aGCL / _cGCL |
||
| 082 | 0 | 4 |
_a306.85 _bE F |
| 100 | 1 | _aESBLEMAN, ROSS | |
| 245 | 1 | 0 |
_aTHE FAMILY: AN INTRODUCTION / _cESBLEMAN, ROSS |
| 260 |
_a[S.N] : _bALLYN AND BACON ، _c1993 |
||
| 300 | _a618 P | ||
| 650 | 0 | 4 | _aMARRIAGE |
| 650 | 0 | 4 | _aUNITED STATES |
| 650 | 0 | 4 | _aFAMILY |
| 942 |
_2ddc _cBK |
||
| 999 |
_c23705 _d23705 |
||